000 00691nam a2200289Ia 4500
005 20260324143351.0
008 008 260324s9999 xx 000 0 eng d
020 _a9781003555285
037 _aEBOOK
040 _aCRL
040 _beng
040 _cCRL
041 _2eng
041 _aeng
084 _qCRL
100 _aAlfred Soman
_91215371
245 0 _aSorcellerie et justice criminelle
245 0 _bLe Parlement de Paris (16e-18e siƩcles)
260 _bTaylor and Francis
260 _c1992
365 _a
365 _b230
856 _uhttp://www.taylorfrancis.com/books/9781003555285
942 _cEBOOK
999 _c1820694
_d1820694